| 000 | 00391nam a2200157Ia 4500 | ||
|---|---|---|---|
| 008 | 210210b2005 xxu||||| |||| 00| 0 eng d | ||
| 020 | _a81 219 2559 2 | ||
| 082 | _a576 DUBT | ||
| 100 | _aDUBEY (R C) | ||
| 245 | _aTextbook of microbiology. | ||
| 260 |
_aN D _bS. Chand & Co. Ltd. _c2005 |
||
| 300 | _axvi,912 | ||
| 690 | _aMicrobiology | ||
| 700 | _aMAHESHWARI (D K). | ||
| 906 | _a060794 | ||
| 999 |
_c107743 _d107743 |
||